<?xml version="1.0" encoding="UTF-8"?>
<record
    xmlns:xsi="http://www.w3.org/2001/XMLSchema-instance"
    xsi:schemaLocation="http://www.loc.gov/MARC21/slim http://www.loc.gov/standards/marcxml/schema/MARC21slim.xsd"
    xmlns="http://www.loc.gov/MARC21/slim">

  <leader>00191nam a22000857a 4500</leader>
  <controlfield tag="001">1254266</controlfield>
  <controlfield tag="005">20251105111130.0</controlfield>
  <datafield tag="245" ind1=" " ind2=" ">
    <subfield code="a">MURATIN ARMA&#x11E;ANLARI</subfield>
    <subfield code="c">G&#xDC;LS&#xDC;M CENG&#x130;Z</subfield>
  </datafield>
  <datafield tag="260" ind1=" " ind2=" ">
    <subfield code="b">ESK&#x130; PARCA</subfield>
  </datafield>
  <datafield tag="999" ind1=" " ind2=" ">
    <subfield code="c">1254266</subfield>
    <subfield code="d">1254266</subfield>
  </datafield>
  <datafield tag="952" ind1=" " ind2=" ">
    <subfield code="0">0</subfield>
    <subfield code="1">0</subfield>
    <subfield code="2">ddc</subfield>
    <subfield code="4">0</subfield>
    <subfield code="7">0</subfield>
    <subfield code="a">1061</subfield>
    <subfield code="b">1061</subfield>
    <subfield code="d">2025-11-05</subfield>
    <subfield code="l">4</subfield>
    <subfield code="o">P3</subfield>
    <subfield code="p">1061286139</subfield>
    <subfield code="r">2026-03-30 11:37:22</subfield>
    <subfield code="s">2026-03-09</subfield>
    <subfield code="w">2025-11-05</subfield>
    <subfield code="y">BK</subfield>
  </datafield>
</record>
